| 000 | 00896pam a2200193 a 4500 | ||
|---|---|---|---|
| 999 |
_c2390 _d2390 |
||
| 020 | _a0070605475 (alk. paper) | ||
| 020 | _a007113669X (International ed.) | ||
| 050 | 0 | 0 |
_aLB1051 _b.S6457 |
| 100 | 1 | _aSprinthall, Norman A., | |
| 245 | 1 | 0 |
_aEducational psychology : _ba developmental approach _cNorman A. Sprinthall, Richard C. Sprinthall, Sharon N. Oja. |
| 250 | _a6th ed. | ||
| 260 |
_aNew York : _bMcGraw-Hill, _cc1994. |
||
| 300 |
_axxi, 677 p. : _bill. ; _c26 cm. |
||
| 505 | _a CHAPTER 1.Introduction and History UNIT 1. Child And Adolescent growth CHAPTER 2. Fundamentals of growth and Development CHAPTER 3.Physical growth and Development CHAPTER 4.Early experience CHAPTER 5 Cognitive growth CHAPTER 6. Personal growth CHAPTER 7.Value Development | ||
| 650 | 0 | _aEducational psychology. | |
| 700 | 1 | _aSprinthall, Richard C., | |
| 700 | 1 | _aOja, Sharon Nodie. | |
| 942 | _cBK | ||